Eurípide / (Record no. 61320)

MARC details
000 -LEADER
campo de control de longitud fija 01349nam a2200397 i 4500
001 - NÚMERO DE CONTROL
campo de control 61320
003 - IDENTIFICADOR DE NÚMERO DE CONTROL
campo de control ES-MaACL
005 - FECHA Y HORA DE LA ÚLTIMA TRANSACCIÓN
campo de control 20251108162859.0
007 - CAMPO FIJO DE DESCRIPCIÓN FÍSICA--INFORMACIÓN GENERAL
campo de control de longitud fija t|
008 - DATOS DE LONGITUD FIJA--INFORMACIÓN GENERAL
campo de control de longitud fija 031111m19231927fr ||||1| fre d
100 1# - ENTRADA PRINCIPAL--NOMBRE DE PERSONA
Nombre de persona Eurípides.
9 (RLIN) 48332
245 10 - MENCIÓN DEL TÍTULO
Título Eurípide /
Mención de responsabilidad, etc. texte établi et traduit par Louis Meridier, [Leon Parmentier et Henri Gregoire].
260 ## - PUBLICACIÓN, DISTRIBUCIÓN, ETC.
Lugar de publicación, distribución, etc. París :
Nombre del editor, distribuidor, etc. Societé d'Edition "Les Belles Lettres",
Fecha de publicación, distribución, etc. 1923-1927.
300 ## - DESCRIPCIÓN FÍSICA
Extensión 4 v. ;
Dimensiones 20 cm.
490 1# - MENCIÓN DE SERIE
Mención de serie Collection des Universités de France
505 8# - NOTA DE CONTENIDO CON FORMATO
Nota de contenido con formato Contiene: T.I: Le cyclope. Alceste. Medë. Les Héraclides. -- T.II: Hippolyte. Andromaque. Hècube. -- T.III: Héraclés. Les suppliantes. Ion. -- T.IV: Les troyennes. Iphigénie en Tauride. Electre
700 1# - ENTRADA AGREGADA--NOMBRE PERSONAL
Nombre de persona Meridier, Louis.
9 (RLIN) 80497
700 1# - ENTRADA AGREGADA--NOMBRE PERSONAL
Nombre de persona Parmentier, Leon.
9 (RLIN) 89199
700 1# - ENTRADA AGREGADA--NOMBRE PERSONAL
Nombre de persona Grégoire, Henri,
Fechas asociadas al nombre 1750-1831
9 (RLIN) 59883
740 3# - ENTRADA AGREGADA--TÍTULO RELACIONADO/ANALÍTICO NO CONTROLADO
Título relacionado o analítico no controlado Le cyclope.
740 0# - ENTRADA AGREGADA--TÍTULO RELACIONADO/ANALÍTICO NO CONTROLADO
Título relacionado o analítico no controlado Alceste.
740 0# - ENTRADA AGREGADA--TÍTULO RELACIONADO/ANALÍTICO NO CONTROLADO
Título relacionado o analítico no controlado Médée.
740 4# - ENTRADA AGREGADA--TÍTULO RELACIONADO/ANALÍTICO NO CONTROLADO
Título relacionado o analítico no controlado Les Hèraclides.
740 0# - ENTRADA AGREGADA--TÍTULO RELACIONADO/ANALÍTICO NO CONTROLADO
Título relacionado o analítico no controlado Hippolyte.
740 0# - ENTRADA AGREGADA--TÍTULO RELACIONADO/ANALÍTICO NO CONTROLADO
Título relacionado o analítico no controlado Andromaque.
740 0# - ENTRADA AGREGADA--TÍTULO RELACIONADO/ANALÍTICO NO CONTROLADO
Título relacionado o analítico no controlado Hécube.
740 0# - ENTRADA AGREGADA--TÍTULO RELACIONADO/ANALÍTICO NO CONTROLADO
Título relacionado o analítico no controlado Hèracles.
740 4# - ENTRADA AGREGADA--TÍTULO RELACIONADO/ANALÍTICO NO CONTROLADO
Título relacionado o analítico no controlado Les suppliantes.
740 0# - ENTRADA AGREGADA--TÍTULO RELACIONADO/ANALÍTICO NO CONTROLADO
Título relacionado o analítico no controlado Ion.
740 4# - ENTRADA AGREGADA--TÍTULO RELACIONADO/ANALÍTICO NO CONTROLADO
Título relacionado o analítico no controlado Les troyennes.
740 0# - ENTRADA AGREGADA--TÍTULO RELACIONADO/ANALÍTICO NO CONTROLADO
Título relacionado o analítico no controlado Iphigenie en Tauride.
740 0# - ENTRADA AGREGADA--TÍTULO RELACIONADO/ANALÍTICO NO CONTROLADO
Título relacionado o analítico no controlado Electre.
830 0# - PUNTO DE ACCESO ADICIONAL DE SERIE-TÍTULO UNIFORME
Título uniforme Collection des Universités de France
9 (RLIN) 180876
852 ## - LOCALIZACIÓN
Ubicación ES-MaACL
Número de control de estantería E-3225-8
Holdings
Estatus retirado Estado de pérdida Estado de daño No para préstamo Biblioteca de origen Biblioteca actual Ubicación en estantería Fecha de adquisición Fuente de adquisición Total de préstamos Signatura topográfica completa Código de barras Visto por última vez Precio de reemplazo Tipo de ítem Koha
        Biblioteca del Ateneo de Madrid Biblioteca del Ateneo de Madrid Depósito 2 17/01/2008     E-3225-8 1064302 23/02/2023 23/02/2023 Libro impreso